| 000 | 00634ntaaa2200217 4500 | ||
|---|---|---|---|
| 003 | 01 | ||
| 005 | 20251027201005.0 | ||
| 008 | 0714s1973 ag 01 | ||
| 020 | _a0899222382 | ||
| 040 |
_aAR-BaBN _bspa _cAR-BaBN _eaacr _dRIC |
||
| 082 | _a230.098 H12h | ||
| 100 |
_aPadilla, Rene C. _96934 |
||
| 245 |
_aHacia una teología evangelica latinoamericana: ensayos en honor de Pedro Savage / _cRene C. Padilla |
||
| 250 | _a1 ed. | ||
| 260 |
_aSan José : _bEd. Caribe, _c1984 |
||
| 300 |
_a154 p. ; _c21 cm. |
||
| 500 | _aContiene: notas bibliográficas | ||
| 650 | _aIglesia-Sociedad | ||
| 650 |
_aSavage, Pedro _96935 |
||
| 942 | _cBK | ||
| 999 |
_c3946 _d3946 |
||